00445nam a2200181Ia 4500003000400000008004100004040001600045082001300061100002000074245003800094260003000132300000800162490002500170650001500195650001200210650001900222650002200241GCL140319s9999 xx 000 0 eng d aGCL / cGCL04a843bW D1 aWOOLF, VIRGINIA10aMRS. DALLOWAY / cWOOLF, VIRGINIA a[S.N] : bSTOCH ، c1993 a219 aLE LIVRE DE POCHEv004aLITERATURE04aFICTION04aFRENCH FICTION04aFRENCH LITERATURE